| 000 | 00403nam a22001457a 4500 | ||
|---|---|---|---|
| 999 |
_c7712 _d7712 |
||
| 003 | GBCCL | ||
| 005 | 20241126110635.0 | ||
| 008 | 180912b ||||| |||| 00| 0 eng d | ||
| 040 | _cgbc | ||
| 082 |
_aSOU GOS _b2010 |
||
| 245 |
_aGospel centenary souvenir 1910-2010 : _bEvangelical Baptist Convention / _cedited by L Vungzamuan |
||
| 260 |
_aNew Lamka: _bEBC, _c2010 |
||
| 300 | _a48p. ; | ||
| 942 |
_2ddc _cARCH |
||